The dickensian scenario : (Record no. 128491)

MARC details
000 -LEADER
fixed length control field 00855nam a22002537a 4500
003 - CONTROL NUMBER IDENTIFIER
control field dpl
005 - DATE AND TIME OF LATEST TRANSACTION
control field 20180524153210.0
008 - FIXED-LENGTH DATA ELEMENTS--GENERAL INFORMATION
fixed length control field 180524b xxu||||| |||| 00| 0 eng d
010 ## - LIBRARY OF CONGRESS CONTROL NUMBER
LC control number A-949956
020 ## - INTERNATIONAL STANDARD BOOK NUMBER
Terms of availability 250.00
International Standard Book Number 8185234477
035 ## - SYSTEM CONTROL NUMBER
System control number A-949956, A-949938
037 ## - SOURCE OF ACQUISITION
Source of stock number/acquisition Cen Lib/Ret
040 ## - CATALOGING SOURCE
Original cataloging agency DPL
Language of cataloging EN
Transcribing agency 0
082 ## - DEWEY DECIMAL CLASSIFICATION NUMBER
Classification number 883.08
Item number CHA
100 ## - MAIN ENTRY--PERSONAL NAME
Personal name Chakravarty, Joya
9 (RLIN) 23574
245 ## - TITLE STATEMENT
Title The dickensian scenario :
Statement of responsibility, etc by Joya Chakravarty
Remainder of title women characters /
260 ## - PUBLICATION, DISTRIBUTION, ETC. (IMPRINT)
Name of publisher, distributor, etc Bohra Prakashan
Place of publication, distribution, etc Jaipur
Date of publication, distribution, etc 1997
270 ## - ADDRESS
Address Chaura Rasta
City Jaipur
Postal code 302 003
300 ## - PHYSICAL DESCRIPTION
Extent viii,150p.
Dimensions 20cm(Hb)
500 ## - GENERAL NOTE
General note Includes bibliographical references
650 ## - SUBJECT ADDED ENTRY--TOPICAL TERM
Topical term or geographic name as entry element Dickens, Charles, 1812-1870 -- Criticism and interpretation
9 (RLIN) 23575
650 ## - SUBJECT ADDED ENTRY--TOPICAL TERM
Topical term or geographic name as entry element Dickens, Charles, 1812-1870 -- Characters -- Women
9 (RLIN) 23576
942 ## - ADDED ENTRY ELEMENTS (KOHA)
Source of classification or shelving scheme Dewey Decimal Classification
Koha item type English Books
Classification part 883.08
Call number suffix CHA
Holdings
Withdrawn status Lost status Damaged status Not for loan Home library Current library Date acquired Source of acquisition Cost, normal purchase price Total Checkouts Full call number Barcode Date last seen Copy number Cost, replacement price Price effective from Koha item type Source of classification or shelving scheme Collection code
        Central Library Central Library 02/07/2015 Cen Lib/Ret 250.00   883.08 CHA A-949956 02/07/2015 1 250.00 02/07/2015 English Books    
        Sarojini Nagar Sarojini Nagar 21/05/2019   250.00   883.08 CHA A-949937 21/05/2019     21/05/2019 English Books Dewey Decimal Classification Non-fiction
        Shahdara Branch Shahdara Branch 24/05/2018 BPPD/PUB 250.00   883.08 CHA A-949938 24/05/2018   250.00 24/05/2018 English Books Dewey Decimal Classification Non-fiction

© Delhi Public Library
Hit Counter
free hit counter